LDR 01060naa#a2200181#i#450# 001 RU\\bibl\121026 005 20260501114855.5 011 ## _a1994-5655 100 ## _a20260428b2026####ek#y0rusy0150####ca 101 0# _aENG 102 ## _aRU 200 1# _aО роли и функциях музеев в международном культурном обмене и продвижении (на примере Лувра) _eЖурнальная статья 210 1# _aСыктывкар _cФГБУ ФИЦ «Коми научный центр Уральского отделения Российской академии наук» _d2026 215 ## _a6 с. 608 ## _aЖурнальная статья _2local 675 ## _aДеятельность международных и межгосударственных организаций(Организация Объединенных наций (ООН), Организация африканских государств (ОАГ) и т.д.). 327.7 _zENG 700 #1 _aХай _gПэйвэнь 856 4# _akomisc.editorum.ru _u